Statistics for Nuclear Powers

Click here to take the quiz!

General Stats

  • This quiz has been taken 1,136 times
  • The average score is 11 of 14

Answer Stats

Total WarheadsCountry% Correct
9,600United States
100%
12,000Russia
99%
225United Kingdom
98%
300France
96%
240China
95%
60-80India
93%
<10North Korea
92%
70-90Pakistan
87%
10-20Germany
83%
80Israel
80%
70-90Italy
70%
50Turkey
56%
10-20Netherlands
42%
10-20Belgium
40%

Score Distribution

Percentile by Number Answered

Percent of People with Each Score

Your Score History

You have not taken this quiz